000 01564nim a2200361 i 4500
001 197184
003 ES-MaACL
005 20250830111241.0
007 ss lsnjlcipnne
008 290425s1990 sp nnnn |||| 00| spa d
040 _bspa
_cES-MaACL
100 1 _994161
_aPuente Ojea, Gonzalo
_eaut
245 0 3 _aEl impetu proselitista de la Iglesia católica
_h[Grabación sonora] :
_bconferencia /
_cpor Gonzalo Puente Ojea, embajador de España ; presenta José María Escuer, presidente del Club Nueva Sociedad.
260 _aMadrid :
_bAteneo de Madrid,
_c1990
300 _a2 casetes (ca. 180 min) :
_bson. ;
_c11 cm
490 1 _3Actos culturales en el Ateneo de Madrid
518 _aGrabado el 20 de abril de 1990 en el Salón de Actos del Ateneo de Madrid.
520 _aConferencia realizada por Gonzalo Puente Ojea, embajador de España sobre el ímpetu proselitista de la Iglesia católica.
540 _aDocumento inédito
594 _5Datos basados en la invitación.
610 2 0 _aAteneo de Madrid-
_xActos culturales-
_y1990-
_vGrabaciones sonoras
_9240083
610 2 4 _aIglesia Católica
_94639
653 _aArchivo de la palabra
655 0 _aConferencias
_9234444
700 _aEscuer Beltri, José María
_epres
_9240308
710 2 _aAteneo de Madrid
_ehis
_91875
830 0 _aActos culturales en el Ateneo de Madrid
_9240237
852 _aES-MaACL
_cDEPOZ
_pCinta 1
_9205236
852 _aES-MaACL
_cDEPOZ
_pCinta 2
_92052367
942 _2udc
_n0
_cCINTASAUD
999 _c197184
_d197184